000 00482nam a2200169Ia 4500
003 GCL
008 140319s9999 xx 000 0 ara d
040 _aGCL /
_cGCL
082 0 4 _a920.7
_bهـ ا
100 1 _aهالة سرحان
245 1 0 _aامريكا .. خبط لزق: مذكرات طالبه بعثه /
_cهالة سرحان
300 _a178 ص
490 _a100 قصة
_v0
650 0 4 _aالتراجم الذاتية
650 0 4 _aهالة سرحان
942 _2ddc
_cBK
999 _c46448
_d46448